| 000 | 01503nam a22003617a 4500 | ||
|---|---|---|---|
| 005 | 20240530110432.0 | ||
| 008 | 150225s2011 ua g b 000 0 ara d | ||
| 017 |
_a2010/10407 _bمصر . دار الكتب المصرية |
||
| 020 | _a9789773503206 | ||
| 040 | _aEG-CaGPL | ||
| 041 | 0 | _aara | |
| 082 | 0 | 4 |
_221 _a904\ _bم د |
| 100 | 0 | _aمحمد حسن العيدروس | |
| 245 | 1 | 0 |
_aدراسات فى المشرق العربى الحديث / _cمحمد حسن العيدروس |
| 250 | _aط1 | ||
| 260 |
_aالقاهرة : _bدار الكتاب الحديث ، _c2011 |
||
| 300 |
_a348 ص ؛ _c24 سم |
||
| 504 | _aببليوجرافية : ص 343 - 348 | ||
| 650 | 0 | 4 |
_aالشرق الاوسط _xتاريخ |
| 650 | 0 | 4 |
_aالعالم العربى _xتاريخ |
| 650 | 0 | 4 |
_aاسيا _xانتشار الاسلام |
| 650 | 0 | 4 |
_aالتجارة البحرية _xتاريخ |
| 650 | 0 | 4 | _aاللغة السواحلية |
| 650 | 0 | 4 |
_aبريطانيا _xعلاقات خارجية |
| 650 | 0 | 4 |
_aالامبراطورية العثمانية _zفلسطين |
| 650 | 0 | 4 |
_aالامبراطورية العثمانية _zاليمين |
| 650 | 0 | 4 |
_aالعراق _xتاريخ _xالحرب العالمية الاولى |
| 650 | 0 | 4 |
_aالشام _xتاريخ _zالحرب العالمية الاولى |
| 650 | 0 | 4 |
_aنجد _xتاريخ _xالحرب العالمية الاولى |
| 650 | 0 | 4 | _aالاستعمار البريطانى |
| 942 |
_2ddc _cBK |
||
| 999 |
_c60858 _d60858 |
||